000 00447nam a2200181Ia 4500
001 1025
005 20260306140601.0
008 260306t1935||||xx |||||||||||||| ||spa||
041 _aESP
082 _a180
_bC264
100 _aCohn, J.
_eAUT
245 0 _aLos grandes pensadores:
_bintroducción histórica a la filosofía
260 _c1935
300 _a139 páginas :
_c19 cm.
650 _aGEN
654 _aCHU
942 _cLIB
_dJUS
_fJUS
_2ddc
_n
999 _c1025
_d1025